Central Library OPAC University of Rajshahi

The economic life of a Bengal district, Birbhum, 1770-1857 / (Record no. 51961)

MARC details
000 -LEADER
fixed length control field 00700nam a2200229 a 4500
001 - CONTROL NUMBER
control field 51961
003 - CONTROL NUMBER IDENTIFIER
rucl marc code BD-RjUL
005 - DATE AND TIME OF LATEST TRANSACTION
control field 20211209075733.0
008 - FIXED-LENGTH DATA ELEMENTS--GENERAL INFORMATION
fixed length control field 160905s1984 ii b b s001 0 eng
020 ## - INTERNATIONAL STANDARD BOOK NUMBER
Terms of availability Rs40.00
035 ## - SYSTEM CONTROL NUMBER
System control number (BD-RjUL)52081
040 ## - CATALOGING SOURCE
Original cataloging agency BD-RjUL
Transcribing agency DLC
Modifying agency OCoLC
-- DLC
Language of cataloging eng
041 ## - LANGUAGE CODE
Language code of text/sound track or separate title eng
082 00 - DEWEY DECIMAL CLASSIFICATION NUMBER
Edition number 23
Classification number 330.95414
Author mark and year GUE 1984
100 1# - MAIN ENTRY--PERSONAL NAME
Personal name Gupta, Ranjan Kumar,
Dates associated with a name 1932-
9 (RLIN) 155388
245 14 - TITLE STATEMENT
Title The economic life of a Bengal district, Birbhum, 1770-1857 /
Statement of responsibility, etc. Ranjan Kumar Gupta.
260 ## - PUBLICATION, DISTRIBUTION, ETC. (IMPRINT)
Place of publication, distribution, etc. Burdwan :
Name of publisher, distributor, etc. University of Burdwan,
Date of publication, distribution, etc. 1984.
300 ## - PHYSICAL DESCRIPTION
Pagination xvi, 351 p. ;
Size 22 cm.
500 ## - GENERAL NOTE
General note Includes index.
651 #0 - SUBJECT ADDED ENTRY--GEOGRAPHIC NAME
Geographic name Bīrbhūm India
General subdivision Economic conditions.
9 (RLIN) 155389
942 ## - ADDED ENTRY ELEMENTS (KOHA)
Source of classification or shelving scheme Dewey Decimal Classification
Koha item type Books
Holdings
Lost status Source of classification or shelving scheme Damaged status Not for loan Collection code Permanent Location Current Location Shelving location Date acquired Source of acquisition Cost, normal purchase price Total Checkouts Full call number Date last seen Copy number Koha item type
  Dewey Decimal Classification     Non-fiction Central Library, University of Rajshahi Central Library, University of Rajshahi   30/07/1996 Ankur prashani dhaka 40.00   330.95414 GUE 1984 05/09/2016 C-2 Books
  Dewey Decimal Classification   Not For Loan Non-fiction Central Library, University of Rajshahi Central Library, University of Rajshahi Reading Room 28/07/1996 Ankur Prakashani 40.00   330.95414 GUE 1984 21/12/2016 C-1 Books